| 000 | 00474nam a2200205Ia 4500 | ||
|---|---|---|---|
| 008 | 160803s9999 xx 000 0 und d | ||
| 020 | _a9780439943901 | ||
| 100 | _aKorman, Gordon | ||
| 245 | _aPublic enemies / | ||
| 245 | _cGordon Korman. | ||
| 260 | _aNew York : | ||
| 260 | _bScholastic Inc. | ||
| 260 | _c2005 | ||
| 300 | _a150 pages ; | ||
| 300 | _c20 cm. | ||
| 440 | _aOn the run ; | ||
| 440 | _vbk. 5. | ||
| 650 | _aAdventure stories. | ||
| 700 | _a790 | ||
| 999 |
_c298750 _d298750 |
||